000 01210nam a22003497a 4500
003 CHAP
005 20220329134455.0
008 971013s1976 r 00010 d
010 _a20881
011 _a21853
035 _a25944
040 _cCHAP
082 _a634.0913
_bA7
100 0 0 _aArriola, M. C. de.
_97503
245 _aCaracterización, manejo y almacenamiento de algunas frutas tropicales
260 _aGuatemala :
_bInstituto Centroamericana de Investigación y Tecnología Industrial,
_c1976
300 _apág. var.
_b; gráfs
590 _aBATCH-UPD
_b10
_c20130110
_lUCH01
_h0314
590 _aBATCH-UPD
_b10
_c20130110
_lUCH01
_h2026
590 _aBATCH-UPD
_b10
_c20130409
_lUCH01
_h2347
590 _aBATCH-UPD
_b10
_c20130410
_lUCH01
_h1557
590 _aBATCH-UPD
_b10
_c20130914
_lUCH01
_h0402
590 _aBATCH-UPD
_b10
_c20130914
_lUCH01
_h2116
590 _aCONVERSION
_b10
_c20130109
_lUCH01
_h1312
650 1 4 _aFruta
_xAlmacenamiento.
_943592
650 1 4 _aFruticultura
_xTrópicos.
_943755
700 0 _aMenchú, J.F.M.
_974554
700 0 _aRolz, Carlos.
_999463
901 _aBK
942 _cLIBRO
949 _a634.0913 A7
_bBC
_cLIBRO
_d33724000608600
_eLIBRO
_h56816
_i25944
_si
_t264.00
999 _c20881
_d20881